| 000 | 00539 a2200181 4500 | ||
|---|---|---|---|
| 005 | 20260409124726.0 | ||
| 008 | 260409b |||||||| |||| 00| 0 eng d | ||
| 020 |
_a9781041034025 _cRs. 2495.00 |
||
| 040 | _aMAIN | ||
| 082 |
_a350.1 _bM278I |
||
| 100 | _aMahajan, Anupama Puri | ||
| 245 | _aInsights of administrative thinkers: Exploring the foundations of public administration | ||
| 260 |
_bRoutledge _c2025 _aAbingdon |
||
| 300 | _axvii, 535 | ||
| 650 | _aPublic Administration | ||
| 650 | _aAdministrative Thinkers | ||
| 942 | _cBK | ||
| 999 |
_c394511 _d394511 |
||